000 01253nam a2200253Ia 4500
999 _c43794
_d43794
001 10539
003 GE_BSU
005 20250210170215.0
008 181216s2013||||ge |||||||||||||| ||g ||
020 _a978994122
040 _cGE_BSU
041 _ageo
080 _a342.518+004.738.5 ა-20
100 _aაბულაძე, რატი
_924173
245 _aელექტრონული მთავრობა :
_b(ხელისუფლება, ბიზნესი, საზოგადოება, ტექნოლოგია) : (სახელმძღვ.) /
_cრატი აბულაძე; საქ. საპატრიარქოს წმ. ანდრია პირველწოდებულის სახ. ქართ. უნ-ტი.
264 _aთბილისი ;
_bუნივერსალი,
_c2013.
300 _a434 გვ.;
_b21 სმ.
300 _eბიბლიოგრ.გვ:407-433
504 _aბიბლიოგრ.: გვ. 407-433.
541 _h30ლ.
653 _aსამთავრობო მომსახურება ინტერნეტში
653 _aელექტრონული მთავრობა
942 _cBK
_2udc